00746nam a2200205Ia 450000500170000000800410001702000180005804100120007608200160008810000230010424501000012725000120022726000580023930000200029765000200031765000140033794200070035199900170035895201650037520260429111920.0260429s9999||||xx |||||||||||||| ||und|| a9789348491367 aEnglish a780.92bSHA aSharma, Om Prakash 0aUntouched aspects of musicians : bwith special reference to Indian music / cOm Prakash Sharma a1st ed. aNew Delhi : bKanishka Publisher Distributors,c2025. axvi, 223 p.; hb a Untouchability aMusicians cTB c51414d51414 001040708NFICaCUTNbCUTNc700d2026-04-29eShanti Books, Chennai - Invoice No. 3100 on 09-02-2026l0o780.92 SHAp56400r2026-04-29 11:19:20w2026-04-29yTB